| 000 | 00916cab a2200253 4500 | ||
|---|---|---|---|
| 001 | ABS60149 | ||
| 008 | 090401t1999 xxu||||| |||| 00| 0 eng d | ||
| 035 | _a(Sirsi) u99698 | ||
| 041 | _aeng | ||
| 100 | _aSmith, K. | ||
| 245 | _aTime to play a part in shaping Europe`s laws | ||
| 260 | _c1999 | ||
| 350 | _a0 | ||
| 490 |
_aConstruction News _v(6604) 25 February 1999, 12-13(2) |
||
| 520 | _aLooks at recent and forthcoming EC directives which affect the construction industry, leading to increased costs for business. A delegation led by the Construction Confederation recently went to Brussels to present the views of the industry on social and employment issues. | ||
| 650 | _aCONSTRUCTION CONFEDERATION | ||
| 650 | _aCONSTRUCTION INDUSTRY | ||
| 650 | _aEC DIRECTIVES | ||
| 650 | _aEMPLOYMENT LAW | ||
| 650 | _aSOCIAL LAW | ||
| 690 | _aEUROPE-SINGLE MARKET | ||
| 942 | _n0 | ||
| 948 | _c26/02/1999 | ||
| 999 |
_c59939 _d59939 |
||